[Event "59th World Juniors 2022"]
[Site "Cala Gonone ITA"]
[Date "2022.10.16"]
[Round "6.52"]
[White "Gov, Guy"]
[Black "Stolyarsky, Yegor"]
[Result "0-1"]
[WhiteElo "2121"]
[BlackElo "1987"]
[WhiteFideId "2820200"]
[BlackFideId "2814595"]
[EventDate "2022.10.12"]

1. e4 e5 2. Nf3 Nc6 3. d4 exd4 4. Nxd4 Nf6 5. Nxc6 bxc6 6. e5 Qe7 7. Qe2 Nd5 8.
h4 Qe6 9. Nd2 Nb4 10. Nf3 Ba6 11. c4 d5 12. a3 Bxc4 13. Qd1 Bxf1 14. Kxf1 Na6
15. b4 Be7 16. Qa4 Nb8 17. Bg5 O-O 18. Re1 c5 19. bxc5 Bxc5 20. Qf4 Nd7 21. Rh3
Rab8 22. Rg3 Kh8 23. Nd4 Bxd4 24. Qxd4 c5 25. Qd2 Nxe5 26. Qc3 f6 27. Bf4 Qd6
28. Kg1 d4 29. Qa5 Qb6 30. Qa4 Rbe8 31. Rc1 Ng6 32. Rb3 Qe6 33. Bd2 Qd5 34. Qb5
Rc8 35. Rg3 Rfd8 36. Ba5 c4 37. Qa6 Re8 38. Qxa7 Ra8 0-1

[Event "59th World Juniors 2022"]
[Site "Cala Gonone ITA"]
[Date "2022.10.16"]
[Round "6.53"]
[White "De Ieso, Lorenzo"]
[Black "Cappelletto, Joshuaede"]
[Result "1/2-1/2"]
[BlackTitle "FM"]
[WhiteElo "1938"]
[BlackElo "2337"]
[WhiteFideId "2894101"]
[BlackFideId "2824383"]
[EventDate "2022.10.12"]

1. Nf3 c5 2. e4 d6 3. d4 cxd4 4. Nxd4 Nf6 5. Nc3 g6 6. Be3 Bg7 7. Qd2 Ng4 8. Bg5
h6 9. Bh4 Nc6 10. Nxc6 bxc6 11. h3 Nf6 12. O-O-O Qa5 13. Bc4 Be6 14. Bxe6 fxe6
15. e5 dxe5 16. Bxf6 Bxf6 17. Qd7+ Kf7 18. Qd2 Ke8 19. Qd7+ Kf7 20. Qd2 Ke8 21.
Qd7+ 1/2-1/2

[Event "59th World Juniors 2022"]
[Site "Cala Gonone ITA"]
[Date "2022.10.16"]
[Round "6.54"]
[White "Raahul, V S"]
[Black "Porcu, Riccardo"]
[Result "1-0"]
[WhiteTitle "IM"]
[WhiteElo "2333"]
[BlackElo "1759"]
[WhiteFideId "25035525"]
[BlackFideId "28536690"]
[EventDate "2022.10.12"]

1. c4 d6 2. Nc3 e5 3. d4 exd4 4. Qxd4 Nc6 5. Qd2 g6 6. b3 Bg7 7. Bb2 Nge7 8. Nd5
O-O 9. Bxg7 Kxg7 10. Qc3+ f6 11. e4 Nxd5 12. cxd5 Ne5 13. Ne2 Qe7 14. Ng3 c6 15.
Be2 h5 16. h4 cxd5 17. exd5 Ng4 18. O-O Qe5 19. Qd2 Nh6 20. Bxh5 Qe7 21. Rfe1
Qf7 22. Bf3 Bg4 23. Bxg4 Nxg4 24. Re6 f5 25. h5 gxh5 26. Qg5+ Kh8 27. Rae1 Rg8
28. Qxh5+ Qxh5 29. Nxh5 Rg5 30. Nf4 Ne5 31. Kf1 Rc8 32. Rxd6 Ng4 33. f3 Rc2 34.
Rd8+ 1-0

[Event "59th World Juniors 2022"]
[Site "Cala Gonone ITA"]
[Date "2022.10.16"]
[Round "6.56"]
[White "Tripodi, Enzo"]
[Black "Abdulla Younes Alkhemeiri"]
[Result "1-0"]
[WhiteElo "2113"]
[BlackElo "1405"]
[WhiteFideId "2822674"]
[BlackFideId "9324577"]
[EventDate "2022.10.12"]

1. e4 c5 2. Nc3 d6 3. b3 Nf6 4. Bb2 e5 5. Bc4 Be6 6. d3 Bxc4 7. dxc4 Nc6 8. Nge2
Be7 9. O-O O-O 10. Ng3 g6 11. f4 Re8 12. f5 Bf8 13. Bc1 Be7 14. Bh6 Bf8 15. Bg5
Be7 16. fxg6 hxg6 17. Qf3 Nd4 18. Qf2 Kg7 19. Nd5 Nxd5 20. Qxf7+ Kh8 21. Qxg6
Rf8 22. Rxf8+ Qxf8 23. cxd5 Bxg5 24. Qxg5 Nxc2 25. Qh5+ Kg8 26. Rf1 Qg7 27. Rf5
Qh7 28. Qg4+ 1-0

[Event "59th World Juniors 2022"]
[Site "Cala Gonone ITA"]
[Date "2022.10.16"]
[Round "6.57"]
[White "Dimakis, Stavros"]
[Black "Persico, Lorenzo"]
[Result "1-0"]
[WhiteElo "1832"]
[BlackElo "2007"]
[WhiteFideId "25879472"]
[BlackFideId "899240"]
[EventDate "2022.10.12"]

1. e4 e5 2. Nf3 Nc6 3. Bb5 a6 4. Ba4 Nf6 5. O-O b5 6. Bb3 Bb7 7. d3 Bc5 8. Nc3
O-O 9. a4 b4 10. Nd5 h6 11. Ne3 Re8 12. Nf5 Bf8 13. Re1 Na5 14. Ba2 d5 15. exd5
Bxd5 16. Bxd5 Qxd5 17. N3h4 Rad8 18. Re3 Kh7 19. Rh3 e4 20. Bf4 Rd7 21. Qc1 Nh5
22. Bd2 exd3 23. Rxd3 Qc6 24. Rh3 Nc4 25. Be1 Qf6 26. g4 g5 27. Ng2 Nf4 28. Nxf4
Re4 29. Nd3 Rxg4+ 30. Ng3 Qf3 31. b3 Rxd3 32. cxd3 Ne5 33. Qe3 Qd5 34. Rc1 c5
35. Rc4 Nxc4 36. dxc4 Qd1 37. Kf1 Bg7 38. Nf5 Kg6 39. Nxg7 Kxg7 40. Qe5+ Kg8 41.
Qxc5 Qd7 42. Qe3 Qc6 43. Qf3 Re4 44. Bxb4 Qe6 45. Rxh6 Qxh6 46. Qxe4 Qh3+ 47.
Kg1 Qxb3 48. Qe8+ Kg7 49. Bf8+ Kg6 50. Qe4+ Kf6 51. Be7+ Kg7 52. Qe5+ Kh7 53.
Qf5+ Kh8 54. Bf6+ Kg8 55. Qxg5+ Kf8 56. Qg7+ Ke8 57. Qg8+ Kd7 58. Qxf7+ Kc8 59.
Qe6+ Kc7 60. Qe7+ 1-0

[Event "59th World Juniors 2022"]
[Site "Cala Gonone ITA"]
[Date "2022.10.16"]
[Round "6.58"]
[White "Ghaith Saeed Alnuaimi"]
[Black "Ahmed Younes Alkhemeiri"]
[Result "1-0"]
[WhiteElo "1269"]
[BlackElo "1139"]
[WhiteFideId "9309152"]
[BlackFideId "9324585"]
[EventDate "2022.10.12"]

1. c4 e6 2. g3 d5 3. d4 Nf6 4. Bg2 Bb4+ 5. Bd2 Be7 6. Nf3 O-O 7. O-O c5 8. cxd5
exd5 9. dxc5 Bxc5 10. Bg5 Be6 11. Nc3 Be7 12. Nd4 h6 13. Bf4 Nc6 14. Ncb5 Qb6
15. Nxe6 fxe6 16. Nc7 Rac8 17. Nxe6 Rfe8 18. Bxd5 1-0

[Event "59th World Juniors 2022"]
[Site "Cala Gonone ITA"]
[Date "2022.10.16"]
[Round "6.59"]
[White "Vivoli, Alessandro"]
[Black "Salem Muhsan Shuaib"]
[Result "1/2-1/2"]
[WhiteElo "1555"]
[BlackElo "1227"]
[WhiteFideId "11800240"]
[BlackFideId "9325824"]
[EventDate "2022.10.12"]

1. e4 c6 2. d4 d5 3. e5 Bf5 4. Nf3 e6 5. Be2 c5 6. c3 Nc6 7. O-O Nge7 8. Bg5 Qb6
9. Bxe7 Bxe7 10. Na3 Qxb2 11. Nb5 O-O 12. Bd3 Bxd3 13. Qxd3 c4 14. Qb1 Qxb1 15.
Raxb1 a6 16. Nd6 Bxd6 17. exd6 b5 18. a4 Rab8 19. Ne5 Nxe5 20. dxe5 Rb7 21. axb5
axb5 22. Rb4 Ra8 23. f4 f5 24. Rfb1 Ra5 25. Kf2 Kf7 26. Ke3 Ke8 27. Kd4 Kd7 28.
Kc5 h6 29. Rxb5 Raxb5+ 30. Rxb5 Rxb5+ 31. Kxb5 g5 32. g3 g4 33. Kc5 Kc8 34. Kb5
Kd7 35. Kc5 1/2-1/2

[Event "59th World Juniors 2022"]
[Site "Cala Gonone ITA"]
[Date "2022.10.18"]
[Round "7.1"]
[White "Svane, Frederik"]
[Black "Kozak, Adam"]
[Result "0-1"]
[WhiteTitle "GM"]
[BlackTitle "GM"]
[WhiteElo "2566"]
[BlackElo "2516"]
[WhiteFideId "12923044"]
[BlackFideId "753246"]
[EventDate "2022.10.12"]

1. e4 e5 2. Nf3 Nc6 3. Bb5 a6 4. Ba4 Nge7 5. Nc3 Ng6 6. d3 Bb4 7. O-O Bxc3 8.
bxc3 O-O 9. h3 d6 10. Be3 b5 11. Bb3 Na5 12. Nd2 Bb7 13. Qh5 Qd7 14. Nf3 Nxb3
15. cxb3 f6 16. c4 c5 17. Nd2 f5 18. exf5 Rxf5 19. Qg4 Raf8 20. Ne4 Qe7 21. a3
Nf4 22. Bxf4 exf4 23. Rfe1 Re5 24. Kf1 bxc4 25. bxc4 Bxe4 26. Rxe4 Rxe4 27. dxe4
Qxe4 28. Qe2 Qxe2+ 29. Kxe2 Rb8 30. Rd1 Rb6 31. Kf3 Kf7 32. Kxf4 Ke6 33. Ke3 Rb2
34. Rc1 Rb3+ 35. Ke4 Rxa3 36. f4 g6 37. g4 Rxh3 38. Rd1 Rc3 39. f5+ gxf5+ 40.
gxf5+ Kd7 41. f6 Ke6 42. f7 Rxc4+ 43. Ke3 Kxf7 44. Rxd6 a5 45. Rc6 h5 46. Kd3
Rd4+ 47. Ke3 Rd5 48. Ra6 a4 49. Rxa4 Ke6 50. Ra8 Kf5 51. Rf8+ Kg4 52. Ke4 Rg5
53. Rf1 h4 54. Rg1+ Kh5 55. Rc1 h3 56. Kf3 Kg6 57. Rd1 h2 0-1

[Event "59th World Juniors 2022"]
[Site "Cala Gonone ITA"]
[Date "2022.10.18"]
[Round "7.2"]
[White "Kacharava, Nikolozi"]
[Black "Batsuren, Dambasuren"]
[Result "1-0"]
[WhiteTitle "IM"]
[BlackTitle "GM"]
[WhiteElo "2512"]
[BlackElo "2522"]
[WhiteFideId "13611860"]
[BlackFideId "4902920"]
[EventDate "2022.10.12"]

1. e4 c6 2. d4 d5 3. e5 Bf5 4. Nc3 e6 5. g4 Bg6 6. Nge2 c5 7. h4 h5 8. Nf4 Bh7
9. Nxh5 Nc6 10. dxc5 Bxc5 11. Bg5 Qc7 12. f4 Qb6 13. Be2 Qxb2 14. Na4 Qa3 15. c3
Be4 16. Nxg7+ Kf8 17. f5 Nd4 18. Nxc5 Nc2+ 19. Kd2 Qxc5 20. Nxe6+ fxe6 21. fxe6
Kg7 22. Rc1 Na3 23. Rf1 Nh6 24. Rf4 Nc4+ 25. Bxc4 Qxc4 26. Qf1 Qxa2+ 27. Ke3 Qb2
28. Rxe4 Qb6+ 29. Kd2 Qxe6 30. Qf6+ Qxf6 31. Bxf6+ Kh7 32. Rb4 Rhb8 33. h5 a5
34. Rd4 b5 35. g5 Nf5 36. Rxd5 Rb7 37. e6 Ng3 38. Rd7+ Rxd7+ 39. exd7 Ne4+ 40.
Kc2 Nxf6 41. gxf6 Rd8 42. Re1 Kh6 43. f7 Kg7 44. Re8 1-0

[Event "59th World Juniors 2022"]
[Site "Cala Gonone ITA"]
[Date "2022.10.18"]
[Round "7.3"]
[White "Gadimbayli, Abdulla"]
[Black "Esipenko, Andrey"]
[Result "1/2-1/2"]
[WhiteTitle "IM"]
[BlackTitle "GM"]
[WhiteElo "2499"]
[BlackElo "2668"]
[WhiteFideId "13404938"]
[BlackFideId "24175439"]
[EventDate "2022.10.12"]

1. e4 c5 2. Nf3 e6 3. d4 cxd4 4. Nxd4 Nf6 5. Nc3 Nc6 6. g3 Be7 7. Bg2 O-O 8. O-O
d6 9. a4 Bd7 10. b3 Nxd4 11. Qxd4 Qc7 12. Bb2 Rfc8 13. Rac1 Ne8 14. Qd3 a6 15.
Ne2 b5 16. axb5 axb5 17. Bc3 Ra2 18. Ra1 Rxa1 19. Rxa1 Bf6 20. Bxf6 Nxf6 21. c3
e5 22. h3 h6 23. Rd1 Ne8 24. Bf1 Be6 25. Qxb5 Rb8 26. Qd3 Rxb3 27. Ra1 Bc4 28.
Qe3 Nf6 29. Nc1 Rb8 30. Bg2 Be6 31. Ne2 Rb2 32. g4 Qb8 33. Rd1 Rb1 34. Qd3 Rxd1+
35. Qxd1 h5 36. g5 Nh7 37. Qd2 h4 38. f4 Qb6+ 39. Kh2 Qf2 40. g6 fxg6 41. Qxd6
Bc4 42. Ng1 Qxf4+ 43. Kh1 Ng5 44. Qxg6 Bf7 45. Qa6 Kh7 46. Qd3 Bg6 47. Ne2 Qf2
48. c4 Bf7 49. Ng1 Qe1 50. c5 Bg6 51. c6 Nxe4 52. Qc4 Qe3 53. Nf3 Nf2+ 54. Kh2
Be4 55. c7 Qf4+ 56. Kg1 Nxh3+ 1/2-1/2

[Event "59th World Juniors 2022"]
[Site "Cala Gonone ITA"]
[Date "2022.10.18"]
[Round "7.4"]
[White "Ivic, Velimir"]
[Black "Horvath, Dominik"]
[Result "1-0"]
[WhiteTitle "GM"]
[BlackTitle "IM"]
[WhiteElo "2553"]
[BlackElo "2505"]
[WhiteFideId "950122"]
[BlackFideId "1642561"]
[EventDate "2022.10.12"]

1. e4 e5 2. Nf3 Nc6 3. Bb5 a6 4. Ba4 Nf6 5. O-O Be7 6. Re1 b5 7. Bb3 O-O 8. d3
d6 9. c3 Na5 10. Bc2 c5 11. h3 Re8 12. Nbd2 Nc6 13. a4 Bd7 14. Nf1 h6 15. Ne3
Bf8 16. Nh2 Ne7 17. Bb3 Ng6 18. Nhg4 Nf4 19. axb5 Nxg4 20. Nxg4 axb5 21. Rxa8
Qxa8 22. Bxf4 exf4 23. Qf3 c4 24. dxc4 Be6 25. Qxf4 bxc4 26. Bd1 Qa2 27. Qc1 Rb8
28. Re2 d5 29. exd5 Bxd5 30. Bc2 Kh8 31. Nxh6 Qxb2 32. Qf4 Qa1+ 33. Kh2 Qf1 34.
Be4 Qxe2 35. Bxd5 gxh6 36. Qxb8 Qe7 37. g3 Kg7 38. Qf4 Qf6 39. Qg4+ Kh8 40. Kg2
Qxc3 41. Bxf7 Qg7 42. Qxc4 Qf6 43. Bd5 Qg7 44. Qc8 Qf6 45. h4 Qg7 46. Qe6 Qh7
47. Kh3 Qg7 48. f4 Be7 49. Bc4 Bf8 50. f5 Be7 51. f6 1-0

[Event "59th World Juniors 2022"]
[Site "Cala Gonone ITA"]
[Date "2022.10.18"]
[Round "7.5"]
[White "Isik, Alparslan"]
[Black "Sonis, Francesco"]
[Result "1/2-1/2"]
[WhiteTitle "FM"]
[BlackTitle "GM"]
[WhiteElo "2377"]
[BlackElo "2531"]
[WhiteFideId "34506896"]
[BlackFideId "895733"]
[EventDate "2022.10.12"]

1. Nf3 c5 2. c4 Nc6 3. Nc3 g6 4. e3 Nf6 5. d4 cxd4 6. exd4 d5 7. cxd5 Nxd5 8.
Qb3 Nxc3 9. Bc4 Nd5 10. Bxd5 e6 11. Bxc6+ bxc6 12. O-O Qd5 13. Bg5 Bg7 14. Rfc1
f6 15. Be3 Bf8 16. Ne1 Bd6 17. Nd3 O-O 18. Qc3 Bd7 19. Bf4 Be7 20. Nc5 Be8 21.
Bh6 Rf7 22. Qe3 Bd6 23. Bf4 Bxf4 24. Qxf4 Rd8 25. Nb3 Qf5 26. Qe3 Re7 27. Rc5
Rd5 28. Re1 Kg7 29. Qe4 Qxe4 30. Rxe4 g5 31. f3 Rd6 32. Re3 Bf7 33. Kf2 Rb7 34.
Rec3 Rb6 35. Ke3 h6 36. Na5 e5 37. dxe5 fxe5 38. b3 Bd5 39. Nc4 Re6 40. Kf2 Kf6
41. Rc2 Rb7 42. Rd2 e4 43. Ne3 Kg6 44. Nxd5 cxd5 45. Rdxd5 exf3 46. gxf3 Rbe7
47. Rd2 Kh5 48. Kg3 Rf6 49. Rd3 Re1 50. h4 Rg1+ 51. Kh2 Ra1 52. Ra5 Kxh4 53.
Rxa7 g4 54. Ra4 h5 55. Kg2 Rb1 56. fxg4 Rb2+ 57. Kg1 Rb1+ 58. Kg2 Rb2+ 59. Kg1
Rb1+ 1/2-1/2

[Event "59th World Juniors 2022"]
[Site "Cala Gonone ITA"]
[Date "2022.10.18"]
[Round "7.6"]
[White "Nesterov, Arseniy"]
[Black "Milikow, Yoav"]
[Result "1/2-1/2"]
[WhiteTitle "GM"]
[BlackTitle "IM"]
[WhiteElo "2567"]
[BlackElo "2412"]
[WhiteFideId "24198455"]
[BlackFideId "2822237"]
[EventDate "2022.10.12"]

1. d4 d5 2. c4 e6 3. Nc3 Nf6 4. cxd5 exd5 5. Bg5 Bb4 6. e3 h6 7. Bxf6 Qxf6 8.
Qa4+ Nc6 9. Bb5 O-O 10. Bxc6 Bxc3+ 11. bxc3 bxc6 12. Nf3 Qg6 13. O-O Bh3 14. Nh4
Qg5 15. Qxc6 Rac8 16. Rfe1 Qxh4 17. gxh3 Rfd8 18. Qa6 Rb8 19. Rab1 Qe4 20. Rxb8
Rxb8 21. Qxa7 Rb6 22. Qxc7 Rg6+ 23. Kf1 Qd3+ 24. Re2 Qd1+ 25. Re1 Qd3+ 26. Re2
Qb1+ 27. Re1 Qd3+ 28. Re2 1/2-1/2

[Event "59th World Juniors 2022"]
[Site "Cala Gonone ITA"]
[Date "2022.10.18"]
[Round "7.7"]
[White "Mendonca, Leon Luke"]
[Black "Bournel, Antoine"]
[Result "1-0"]
[WhiteTitle "GM"]
[BlackTitle "FM"]
[WhiteElo "2558"]
[BlackElo "2402"]
[WhiteFideId "35028561"]
[BlackFideId "26093553"]
[EventDate "2022.10.12"]

1. d4 d5 2. c4 e6 3. Nc3 Bb4 4. e3 Nf6 5. a3 Bxc3+ 6. bxc3 c6 7. a4 O-O 8. Ba3
Re8 9. Nf3 b6 10. cxd5 cxd5 11. Bb5 Bd7 12. O-O Bxb5 13. axb5 a6 14. Qa4 Qd7 15.
Bb4 Rc8 16. Rfc1 Qb7 17. Nd2 Ne8 18. h3 Nc7 19. bxa6 Rxa6 20. Qb3 Nc6 21. Bd6
Ne8 22. Bg3 Nf6 23. c4 Qa7 24. Rxa6 Qxa6 25. cxd5 Nxd5 26. Kh2 h6 27. e4 Nf6 28.
d5 exd5 29. exd5 Nd4 30. Rxc8+ Qxc8 31. Qxb6 Nf5 32. d6 Nxg3 33. fxg3 Qe6 34.
Qd4 Kf8 35. Nc4 Qd5 36. Qb6 Kg8 37. Qc7 h5 38. Nb6 Qe5 39. Nd7 Nxd7 40. Qxd7 f5
41. Qd8+ Kf7 42. d7 f4 43. Qh4 g5 44. Qxh5+ Kg7 45. Qg4 Qd5 46. gxf4 Kf8 47. Qh5
Qd6 48. d8=Q+ Qxd8 49. Qh8+ Ke7 50. Qxd8+ Kxd8 51. fxg5 1-0

[Event "59th World Juniors 2022"]
[Site "Cala Gonone ITA"]
[Date "2022.10.18"]
[Round "7.8"]
[White "Prraneeth, Vuppala"]
[Black "Murzin, Volodar"]
[Result "1-0"]
[WhiteTitle "IM"]
[BlackTitle "IM"]
[WhiteElo "2451"]
[BlackElo "2557"]
[WhiteFideId "46622373"]
[BlackFideId "44155573"]
[EventDate "2022.10.12"]

1. e4 c5 2. Nf3 d6 3. Bb5+ Nd7 4. c4 Nf6 5. Nc3 e6 6. O-O Be7 7. d4 cxd4 8. Nxd4
O-O 9. Ba4 a6 10. Kh1 Qc7 11. Qe2 Ne5 12. Bb3 Bd7 13. f4 Nc6 14. Be3 Nxd4 15.
Bxd4 Bc6 16. Rac1 Rac8 17. Bc2 b6 18. Qe3 Qb7 19. Rce1 b5 20. Qh3 g6 21. Re3 b4
22. Ne2 Nxe4 23. Qxh7+ 1-0

[Event "59th World Juniors 2022"]
[Site "Cala Gonone ITA"]
[Date "2022.10.18"]
[Round "7.9"]
[White "Stoyanov, Tsvetan"]
[Black "Seo, Jung Min"]
[Result "1/2-1/2"]
[WhiteTitle "IM"]
[BlackTitle "IM"]
[WhiteElo "2449"]
[BlackElo "2520"]
[WhiteFideId "2917173"]
[BlackFideId "1734687"]
[EventDate "2022.10.12"]

1. c4 c5 2. Nf3 Nf6 3. Nc3 Nc6 4. e3 e6 5. d4 d5 6. cxd5 exd5 7. Bb5 Bd6 8. dxc5
Bxc5 9. O-O O-O 10. b3 Bg4 11. Bb2 Bd6 12. Be2 Rc8 13. Rc1 a6 14. Nd4 Bd7 15.
Bf3 Ne7 16. Nde2 Bc6 17. Nd4 Bd7 18. Nde2 Bc6 19. Nd4 Bd7 20. Nde2 1/2-1/2

[Event "59th World Juniors 2022"]
[Site "Cala Gonone ITA"]
[Date "2022.10.18"]
[Round "7.10"]
[White "Petkov, Momchil"]
[Black "Yaniv, Yuval"]
[Result "1-0"]
[WhiteTitle "GM"]
[BlackTitle "FM"]
[WhiteElo "2511"]
[BlackElo "2359"]
[WhiteFideId "2921642"]
[BlackFideId "2823900"]
[EventDate "2022.10.12"]

1. d4 Nf6 2. c4 g6 3. Nc3 Bg7 4. e4 d6 5. Be2 O-O 6. h4 Nc6 7. d5 Ne5 8. h5 c6
9. Nf3 Nxf3+ 10. Bxf3 cxd5 11. cxd5 b5 12. h6 Bh8 13. a3 Rb8 14. O-O a5 15. Ne2
Nd7 16. Nd4 Ne5 17. Be2 Bd7 18. Bg5 Nc4 19. b3 Nb6 20. Rc1 b4 21. axb4 axb4 22.
Nc6 Bxc6 23. dxc6 Na8 24. Bc4 Nc7 25. Qg4 Bf6 26. Bxf6 exf6 27. Rfd1 Re8 28. Qd7
Qxd7 29. cxd7 Re7 30. Bb5 1-0

[Event "59th World Juniors 2022"]
[Site "Cala Gonone ITA"]
[Date "2022.10.18"]
[Round "7.11"]
[White "Ghimpu, Samuel-Timotei"]
[Black "Blohberger, Felix"]
[Result "1/2-1/2"]
[WhiteTitle "FM"]
[BlackTitle "GM"]
[WhiteElo "2434"]
[BlackElo "2493"]
[WhiteFideId "1238175"]
[BlackFideId "1632051"]
[EventDate "2022.10.12"]

1. e4 c5 2. Nf3 Nc6 3. d4 cxd4 4. Nxd4 Nf6 5. Nc3 e5 6. Ndb5 d6 7. Nd5 Nxd5 8.
exd5 Nb8 9. a4 Be7 10. Be2 O-O 11. O-O Nd7 12. Bd2 f5 13. a5 a6 14. Na3 Nf6 15.
Bb4 b5 16. c4 bxc4 17. Nxc4 Rb8 18. Nb6 Rxb6 19. axb6 Qxb6 20. Qa4 Kh8 21. Qa5
Qd4 22. Bxa6 Bxa6 23. Bc3 Qf4 24. Bd2 Qd4 25. Bc3 Qf4 26. Bd2 Qd4 27. Bc3 1/2-1/2

[Event "59th World Juniors 2022"]
[Site "Cala Gonone ITA"]
[Date "2022.10.18"]
[Round "7.12"]
[White "Samunenkov, Ihor"]
[Black "Jakab, Bela"]
[Result "1-0"]
[WhiteTitle "IM"]
[BlackTitle "FM"]
[WhiteElo "2473"]
[BlackElo "2353"]
[WhiteFideId "14187086"]
[BlackFideId "14933128"]
[EventDate "2022.10.12"]

1. d4 d5 2. c4 e6 3. Nc3 Nf6 4. cxd5 exd5 5. Bg5 Be7 6. e3 O-O 7. Bd3 c5 8. Nge2
cxd4 9. Nxd4 Nc6 10. Nxc6 bxc6 11. O-O h6 12. Bh4 Be6 13. Rc1 c5 14. Na4 Rc8 15.
Bb1 Qa5 16. a3 Rfd8 17. Ba2 Bd7 18. Nc3 d4 19. Bxf6 Bxf6 20. Nd5 Qa6 21. Bc4 Qd6
22. e4 Re8 23. Qd3 Bd8 24. f4 Bc6 25. Rce1 Rb8 26. Re2 Qd7 27. Kh1 Kh8 28. b3 f5
29. b4 fxe4 30. Rxe4 Bh4 31. f5 Bxd5 32. Bxd5 Qxd5 33. Rxh4 Re3 34. Qa6 Rbe8 35.
f6 Qg5 36. fxg7+ Kxg7 37. Rhf4 Re1 38. Rf3 Kh8 39. bxc5 Rg8 40. g3 Rxf1+ 41.
Rxf1 Rg7 42. Rf8+ Kh7 43. Qd3+ Qg6 44. Qxd4 Qb1+ 45. Kg2 Qa2+ 46. Qf2 Qd5+ 47.
Qf3 Qa2+ 48. Kh3 Qe6+ 49. Qf5+ Qxf5+ 50. Rxf5 Kg6 51. Rf3 Rc7 52. Rc3 Kf5 53. c6
a5 54. a4 Kg5 55. Rc5+ Kf6 56. Kh4 Kg6 57. g4 Kh7 58. Kh5 Kg7 59. h4 Kh7 60. g5
hxg5 61. hxg5 Kg7 62. g6 Kg8 63. Kh6 Kf8 64. g7+ Kg8 65. Rc4 Rc8 66. Rc5 Rc7 67.
Kg5 Kxg7 68. Kf5 Kf7 69. Ke5 Ke8 70. Kd6 Kd8 71. Rxa5 Rd7+ 72. Kc5 Rd1 73. Kb6
Rb1+ 74. Rb5 Rc1 75. Kb7 1-0

[Event "59th World Juniors 2022"]
[Site "Cala Gonone ITA"]
[Date "2022.10.18"]
[Round "7.13"]
[White "Droin, Augustin"]
[Black "Gorshtein, Ido"]
[Result "1-0"]
[WhiteTitle "FM"]
[BlackTitle "IM"]
[WhiteElo "2416"]
[BlackElo "2471"]
[WhiteFideId "45105987"]
[BlackFideId "2815532"]
[EventDate "2022.10.12"]

1. e4 c5 2. Nf3 Nc6 3. Bb5 e6 4. O-O Nge7 5. d4 cxd4 6. Nxd4 Qb6 7. Nxc6 bxc6 8.
Bd3 Ng6 9. c4 Bd6 10. Nc3 h5 11. g3 h4 12. Kg2 e5 13. Be2 Be7 14. Bg4 Qd8 15.
Bf5 Nf8 16. Be3 g6 17. Bg4 d6 18. f4 hxg3 19. hxg3 exf4 20. gxf4 f5 21. exf5
Bxf5 22. Bxf5 gxf5 23. Rh1 Rg8+ 24. Kf2 Bh4+ 25. Kf1 Rg4 26. Ne4 d5 27. cxd5
cxd5 28. Nc5 Kf7 29. Qd3 Kg6 30. Rg1 Rxg1+ 31. Kxg1 Rc8 32. Kh2 Be1 33. Kg2 Qh4
34. Qa6+ Kh5 35. Qe2+ 1-0

[Event "59th World Juniors 2022"]
[Site "Cala Gonone ITA"]
[Date "2022.10.18"]
[Round "7.14"]
[White "Sokolovsky, Yahli"]
[Black "Nogerbek, Kazybek"]
[Result "1/2-1/2"]
[WhiteTitle "FM"]
[BlackTitle "IM"]
[WhiteElo "2416"]
[BlackElo "2467"]
[WhiteFideId "2820242"]
[BlackFideId "13710427"]
[EventDate "2022.10.12"]

1. e4 e5 2. Nf3 Nc6 3. Bb5 a6 4. Ba4 Nf6 5. Nc3 Nd4 6. d3 Nxf3+ 7. Qxf3 b5 8.
Bb3 d6 9. a4 b4 10. Nd5 a5 11. Bg5 Be7 12. Nxe7 Qxe7 13. Bd5 Rb8 14. Bc6+ Kf8
15. h4 h6 16. Be3 Bd7 17. Bxd7 Qxd7 18. Qe2 d5 19. O-O dxe4 20. dxe4 Qc6 21. f4
Re8 22. Qb5 Qxb5 23. axb5 Nxe4 24. Rxa5 Kg8 25. fxe5 Rxe5 26. Ra7 Rxb5 27. Rxc7
f6 28. Rf4 Re5 29. Bd4 Re6 30. Rb7 Kh7 31. Rg4 Rg8 32. h5 Ng5 33. Rf4 Ne4 34.
Rxb4 Rd8 35. Rg4 Re7 36. Ra4 Ng5 37. Rf4 Re2 38. Rf2 Re4 39. c3 Ne6 40. Rd2 Nf4
41. Kf2 Nxh5 42. Ra5 Nf4 43. Kf3 Rde8 44. b4 Ne2 45. g3 Nxd4+ 46. cxd4 Re3+ 47.
Kf2 Rb3 48. Rb5 Ree3 49. d5 Rf3+ 50. Ke2 Rxg3 51. Kd1 Rbc3 52. Rc5 Rg1+ 53. Ke2
Ra3 54. Ra5 Rb3 55. Kf2 Rh1 56. Kg2 Rbh3 57. Raa2 R1h2+ 58. Kg1 Rh1+ 59. Kf2
R1h2+ 60. Kf1 Rf3+ 61. Ke1 Re3+ 62. Kd1 Rh1+ 63. Kc2 Re7 64. d6 Rd7 65. Rb2 Re1
66. b5 Re8 67. Kc3 Kg6 68. Kc4 Rc8+ 69. Kd5 Kf7 70. Rdc2 Rcd8 71. Rc6 Ra7 72. b6
Ra5+ 73. Rc5 Ra6 74. Rc7+ Kf8 75. d7 Ke7 76. Kc6 Ra1 77. Re2+ Kf7 78. Rd2 Ke7
79. Rc8 Rc1+ 80. Kb7 Re1 81. Kc7 Rc1+ 82. Kb7 Re1 83. Rxd8 Kxd8 84. Kc6 Rc1+ 85.
Kd6 Rb1 86. Kc5 h5 87. Rd4 h4 88. Kc6 Rc1+ 89. Kd6 Rb1 90. Kc6 Rc1+ 1/2-1/2

[Event "59th World Juniors 2022"]
[Site "Cala Gonone ITA"]
[Date "2022.10.18"]
[Round "7.15"]
[White "Peyrer, Konstantin"]
[Black "Kosakowski, Jakub"]
[Result "0-1"]
[WhiteTitle "FM"]
[BlackTitle "IM"]
[WhiteElo "2402"]
[BlackElo "2465"]
[WhiteFideId "1640879"]
[BlackFideId "1185080"]
[EventDate "2022.10.12"]

1. e4 c6 2. d4 d5 3. e5 Bf5 4. Nf3 e6 5. Be2 Ne7 6. O-O c5 7. dxc5 Nec6 8. Be3
Nd7 9. c4 dxc4 10. Na3 Bxc5 11. Nxc4 O-O 12. Bxc5 Nxc5 13. Nd6 Bg4 14. Rc1 Qb6
15. Nc4 Qc7 16. Qd6 Qxd6 17. exd6 Nd7 18. Rfd1 Rac8 19. Ne3 Bh5 20. g4 Bg6 21.
Bb5 Rfd8 22. Nh4 Nf6 23. Nxg6 hxg6 24. Bf1 Ne4 25. Nc4 Nb4 26. d7 Rb8 27. Rd4
Nf6 28. Ne5 Nbd5 29. Bb5 a6 30. Ba4 Nb6 31. Bb3 Nbxd7 32. Rcd1 Nd5 33. Nxd7 Rxd7
34. Bxd5 Rbd8 35. Rb4 exd5 36. Rbd4 g5 37. Kg2 f6 38. Kg3 Kf7 39. f4 gxf4+ 40.
Kxf4 g5+ 41. Kg3 Kg6 42. h4 gxh4+ 43. Kxh4 Re8 44. Rxd5 Rxd5 45. Rxd5 Re2 46. b4
Rh2+ 47. Kg3 Rxa2 48. Rd7 b5 49. Kh4 Rh2+ 50. Kg3 Re2 51. Kh4 Re6 52. Ra7 Rc6
53. Rb7 f5 54. Ra7 Kf6 55. gxf5 Kxf5 56. Kg3 Ke4 57. Rd7 Rc4 58. Rd6 Rxb4 59.
Rxa6 Rb2 0-1